000
00281nam a2200109Ia 4500
008
220204s9999 xx 000 0 und d
082
_a
001.396527
_b
FOX
100
_a
FOX, Karl
245
0
_a
Intermediate economic statistics
260
_a
New Delhi
_b
Wiley Eastern
_c
1972
942
_c
BK
999
_c
23703
_d
23703